000 00443nam a22001217a 4500
999 _c9687
_d9687
003 OSt
008 201203b ||||| |||| 00| 0 eng d
245 _aCurrent Development in Mechanics and Thermodynamics
250 _a2014(Jan-Jun Vol.2 No.1, Jul-Dec Vol.2 No.2) 2015(Jan-Jun Vol.3 No.1, Jul-Dec Vol.3 No.2) 2016(Jan-Jun Vol.4 No.1)
260 _aNew Delhi
_bGBS Publishers and Distributors
650 _aMechanical Engineering
942 _2ddc
_cBV